000 02393nam a22003974a 4500
003 BD-DhEWU
005 20180928020002.0
008 180211r20022016ii a g b 001 0 eng d
010 _a 2001044672
020 _a0072432020
020 _a9781259002274
020 _a007112196X
035 _a951313315
040 _aDLC
_cDLC
_dDLC
_dBD-DhEWU
_beng
041 _aeng
050 0 0 _aTA357
_b.F695 2002
082 0 0 _a620.106
_221
_bFIF 2002
100 1 _aFinnemore, E. John.
_922000
245 1 0 _aFluid mechanics with engineering applications /
_cE. John Finnemore, Joseph B. Franzini.
250 _a10th ed.
260 _aBoston ;
_aChennai :
_bMcGraw-Hill,
_cc2002 [reprint 2016].
300 _axxv, 790 p. :
_bill. (some col.) ;
_c25 cm.
440 4 _aThe McGraw-Hill series in civil and environmental engineering
_922001
500 _aFranzini's name appears first on the earlier ed.
504 _aIncludes bibliographical references (p. 764-768) and index.
505 _tTOC
_a 1 Introduction 2 Properties of Fluids 3 Fluid Statics 4 Basics of Fluid Flow 5 Energy in Steady FLow 6 Momentum and Forces in Fluid Flow 7 Similitude and Dimensional Analysis 8 Steady Incompressible Flow in Pressure Conduits 9 Forces on Immersed Bodies 10 Steady Flow in Open Channels 11 Fluid Measurement 12 Unsteady-Flow Problems 13 Steady Flow of Compressible Fluids 14 Ideal Flow Mathematics 15 Hydraulic Machinery - Pumps 16 Hydraulic Machinery - Turbines Appendix A Fluid and Geometric Properties Appendix B Equations in Fluid Mechanics Appendix C Programming and Computer Applications Appendix D Examples of Using Solvers
520 _aThis book is well known and well respected in the civil engineering market and has a following among civil engineers. This book is for civil engineers that teach fluid mechanics both within their discipline and as a service course to mechanical engineering students.
526 _aCE
590 _aSagar Shahanawaz
650 0 _aFluid mechanics.
_921606
700 1 _aFranzini, Joseph B.
_922002
856 4 2 _3Publisher description
_uhttp://www.loc.gov/catdir/description/mh021/2001044672.html
856 4 1 _3Table of contents
_uhttp://www.loc.gov/catdir/toc/mh021/2001044672.html
856 4 2 _3WorldCat details
_uhttp://www.worldcat.org/title/fluid-mechanics-with-engineering-applications/oclc/951313315&referer=brief_results
942 _2ddc
_cTEXT
_02
999 _c8211
_d8211